|
|
|
|
| LEADER |
00000ckm a2200000 a 4500 |
| 001 |
vtls001208085 |
| 003 |
SK-MaSNL |
| 005 |
20260331203502.0 |
| 007 |
kf co |
| 008 |
230718s1989 xo g 0kuslo |
| 015 |
|
|
|a SNBG1989
|
| 035 |
|
|
|a SNK000151155
|
| 035 |
|
|
|a urn:nbn:sk:snk-km3lv2y
|
| 035 |
|
|
|a 56ED5A6D-566F-4D99-B817-1DB536DFBFF1
|
| 035 |
|
|
|a urn:nbn:sk:snk-km00dsu0
|
| 040 |
|
|
|a SNK
|b slo
|c SNK
|e AACR2
|
| 041 |
0 |
|
|a slo
|
| 043 |
|
|
|a e-xo---
|
| 044 |
|
|
|a xo
|c SK
|
| 072 |
|
7 |
|a 913
|x Regionálna geografia
|2 konspekt
|
| 080 |
|
|
|a 913(437.6)
|2 2011
|
| 080 |
|
|
|a (084.121)
|2 2011
|
| 080 |
|
|
|a 726:27-526.2
|2 2011
|
| 080 |
|
|
|a 726:27-523.42
|2 2011
|
| 080 |
|
|
|a 725.1:352
|2 2011
|
| 100 |
1 |
|
|a Jiroušek, Ladislav,
|d 1943-2019
|4 pht
|9 90423
|
| 245 |
1 |
0 |
|a Levoča
|h grafika
|c foto Ladislav Jiroušek, Ján Sláma, František Vrbovský, Pavol Havran
|
| 246 |
1 |
|
|i Názov na adresnej časti:
|a Levoča
|
| 260 |
|
|
|a Bratislava
|b Pravda
|c 1989
|
| 300 |
|
|
|a 1 pohľadnica (5 čiastkových pohľadov)
|b farebná
|c 11 x 15 cm
|
| 500 |
|
|
|a Názvové údaje prevzaté z obrazovej časti pohľadnice
|
| 500 |
|
|
|a Na adresnej časti pohľadnice uvedené: Levoča - vznikla zo staršej slovanskej osady. Pred r. 1323 slobodné kráľovské mesto, postupne opevnené hradbami. V 16. stor. pôsobisko rezbára Majstra Pavla. V súčasnosti je Levoča mestskou pamiatkovou rezerváciou
|
| 520 |
8 |
|
|a Zobrazenie: Na striebornom podklade v modrozelenom orámovaní pohľady na Poslednú večeru z kostola sv. Jakuba, evanjelický kostol, klietku hanby, Menhardskú bránu a radnicu s kostolom sv. Jakuba
|
| 610 |
2 |
7 |
|a Kostol sv. Jakuba (Levoča, Slovensko)
|2 SNKKA
|9 32652
|
| 650 |
0 |
7 |
|a kostoly
|2 SNKPH
|9 3023
|
| 650 |
0 |
7 |
|a oltáre
|2 SNKPH
|9 3030
|
| 650 |
0 |
7 |
|a radnice
|2 SNKPH
|9 27759
|
| 651 |
|
7 |
|a Levoča (Slovensko)
|2 SNKPHgeo
|9 26696
|
| 651 |
|
7 |
|a Mestská pamiatková rezervácia Levoča (Slovensko)
|2 SNKPHgeo
|9 180377
|
| 655 |
|
7 |
|a miestne pohľadnice
|2 SNKPH
|9 70510
|
| 700 |
1 |
|
|a Sláma, Ján
|c (fotograf)
|4 pht
|9 283283
|
| 700 |
1 |
|
|a Vrbovský, František
|c (fotograf)
|4 pht
|9 283300
|
| 700 |
1 |
|
|a Havran, Pavol,
|d 1938-
|4 pht
|9 133789
|
| 852 |
|
|
|a Slovenská národná knižnica
|
| 954 |
|
|
|a pohľadnice pôvodné (slovenské)
|2 lita
|
| 954 |
|
|
|a pohľadnice cudzojazyčné (svetové)
|2 lita
|
| 958 |
|
|
|a GBN
|
| 958 |
|
|
|a TL
|
| 958 |
|
|
|a GC
|
| 958 |
|
|
|a OND
|
| 958 |
|
|
|a EUIPO
|
| 999 |
|
|
|c 587635
|d 589565
|
| 952 |
|
|
|a SNK
|b SNK
|y PREZ
|7 0
|p 17A1287130
|o snkSP 143368
|i snk4223/90
|0 0
|1 0
|4 0
|d 2019-06-14
|f 1
|l 0
|r 2026-02-23 15:14:14
|w 2026-02-23
|
| 952 |
|
|
|a SNK
|b SNK
|y PREZ
|7 0
|p 17A1287123
|o snkSP 143368 D1
|i snk4224/90
|0 0
|1 0
|4 0
|d 2019-06-14
|l 0
|r 2026-02-23 15:14:14
|w 2026-02-23
|